LEADER 01692nam a2200361 a 4500 001 000000165904 003 CaOOAMICUS 005 20180213115714.0 008 180213s2017 it u000 u ita r 020 $a978-88-311-3394-4* 032 $aLibriCat 040 $aPUL$bita 082 04$a230 100 1 $aCuri, Maria Benedetta.$0(OLS)http://pul/name/106936 245 10$aPensare dall'unità :$bFranz Rosenzweig e Klaus Hemmerle /$cMaria Benedetta Curi ; presentazione di Piero Coda ; prefazione di Adriano Fabris ; postfazione di Bernhard Casper. 260 $aRoma :$bCittà Nuova,$c©2017. 300 $a403 p. ;$c21 cm. 490 1 $aCollana di teologia ;$v89 504 $aBibliografia in nota. 600 14$aRosenzweig, Franz,$d1886-1929$xFilosofia.$0(OLS)http://pul/subject/36997 600 14$aHemmerle, Klaus,$cvesc. di Aachen,$d1929-1994.$0(OLS)http://pul/subject/26688 700 1 $aFabris, Adriano,$d1958-$0(OLS)http://pul/name/39937 700 1 $aCasper, Bernhard,$csacerdote,$d1931-2022.$0(OLS)http://pul/name/32243 700 1 $aCoda, Piero,$csacerdote,$d1955-$0(OLS)http://pul/name/12631 830 0$aCollana di teologia ;$v89.$0(OLS)http://pul/title/18581 850 $aPUL 852 $aPUL$W1$xSL Religione 3$y85$m230 COLL 8.89$j190386$qDDC 21$B193285$CPULBib$Z2$F193285 $H130289 $81 941 1 $a9 996 $6020$a978-88-311-3394-4*$9(OLS)http://pul/number/163490 996 $6082$a230$9(OLS)http://pul/classification/368 996 $6245$aPensare dall'unità :$bFranz Rosenzweig e Klaus Hemmerle$9(OLS)http://pul/title/205616 996 $6260$aRoma :$bCittà Nuova$9(OLS)http://pul/publisher/47927 LEADER 00992nam a2200265 u 4500 001 000000088045 003 CaOOAMICUS 005 20070226124454.0 008 051024s1962 be u000 u fre u 035 $a11065380 040 $aPUL(R)$bita 100 1 $aAllehaux, A.$0(OLS)http://pul/name/57321 245 10$aMonitions liturgiques /$cpar A. Allehaux. 250 $a3. ème ed. 260 $a[Bruges] :$bBiblica,$c1962. 300 $a170 p. ;$c25 cm 490 1 $aParoisse et liturgie ;$v37 504 $aComprende indicazioni bibliografiche. 650 4$aLiturgia.$0(OLS)http://pul/subject/2437 830 0$aParoisse et liturgie ;$v37.$0(OLS)http://pul/title/79022 850 $aPUL 852 $aPUL$W1$xDP1 Fondo Pastorale$y55$mP2 B 37$j111570$nBK-PRI$b $qFondi$B111570$CPULBib$Z2$F111570 $HPUL1563 $81 941 1 $a1 996 $6245$aMonitions liturgiques$9(OLS)http://pul/title/113837 996 $6260$a[Bruges] :$bBiblica$9(OLS)http://pul/publisher/77823